00509nam a2200157Ia 4500082001200000100002400012245011100036260005200147300000800199504004100207650001300248650001800261650002700279650002400306710002100330 aTE.0015 aEmmatty, Leena Mary 0aCaregivers of dementia patients: with reference to stress, coping, social support and caregiver activities c2005bTata Institute of Social Sciences, Mumbai a342 aincludes appendices and bibliography aDementia aSchizophrenia aCaregiversvCaregivers aStress (Psychology) aKashyap, Lina D.